| 000 | 01239nam a22002657a 4500 | ||
|---|---|---|---|
| 005 | 20170124103223.0 | ||
| 010 | _aA-721898 | ||
| 020 | _c150.00 | ||
| 035 | _aA-721898 | ||
| 037 | _bCen Lib/Ret | ||
| 040 |
_aDPL _bHN |
||
| 082 |
_a238.33 _bगोतम |
||
| 100 |
_aगोतम, आचार्य रविदत्त _9133989 |
||
| 245 |
_aदेवर्षि-दयानन्द-चरितम / _cआचार्य रविदत्त गोतम |
||
| 246 |
_aDevarshi-Dayanand-Chritam / _bby Acharya Ravidatt 'Gotam' |
||
| 260 |
_aनई दिल्ली _bइतिहास शोध संस्थान महरोली _c1992 |
||
| 270 |
_aइतिहास शोध संस्थान महरोली _bनई दिल्ली |
||
| 300 |
_a196p. _c22cm(Hb) |
||
| 500 | _aIncludes bibliographical references and index | ||
| 650 |
_aPolitical and social views _97882 |
||
| 650 |
_aDayananda Sarasvati, -- Swami, -- 1824-1883 _9133990 |
||
| 650 |
_aराजनीतिक और सामाजिक विचार _9133991 |
||
| 650 |
_aदयानंद सरस्वती, - स्वामी, - 1824-1883 _9133992 |
||
| 942 |
_2ddc _cHN _h238.33 _mगोतम |
||
| 999 |
_c122010 _d122010 |
||